000 01296nam a2200337uu 4500
001 200429807
003 TR-AnTOB
005 20240731134053.0
008 180531s2015 tu eng
040 _aTR-AnTOB
_beng
_cTR-AnTOB
_erda
041 0 _aeng
050 0 _aTJ807.2
_b.I58 2015
090 _aTJ807.2
_b.I58 2015
111 2 _9120235
_aInternational 100% Renewable Energy Conference
_n(5th :
_d28-30 May 2015 :
_cIstanbul, Turkey)
245 1 0 _a5th international 100% renewable energy conference (IRENEC 2015) proceedings /
_cedited by Tanay Sıdkı Uyar, Engin Uza, Ünal Sınar.
246 0 0 _aInternational 100% Renewable Energy Conference (5th : 28-30 May 2015 : Istanbul, Turkey)
264 1 _aIstanbul :
_bMaltepe Municipality,
_c2015.
300 _a143 p. :
_bill. ;
_c30 cm.
336 _2rdacontent
_a text
337 _2rdamedia
_aunmediated
338 _2rdacarrier
_avolume
500 _aBibliographical references and index.
650 0 _945782
_aRenewable energy sources
_zTurkey
650 0 _945783
_aYenilenebilir enerji kaynakları
_zTürkiye
700 1 _aUza, Engin
_4editor
_9120238
700 1 _aSınar, Ünal
_4editor
_9120239
700 1 _aUyar, Tanay Sıdkı
_4editor
_995711
902 _a000155045001
942 _2lcc
_cBK
999 _c200429807
_d47733